De la lágrima a la sonrisa (Registro nro. 83746)
[ vista simple ]
| 000 -CABECERA | |
|---|---|
| Longitud fija campo de control | 03125nam a2200349 4500 |
| 003 - IDENTIFICADOR DEL NÚMERO DE CONTROL | |
| Identificador del número de control | EC-QuCCB |
| 005 - FECHA Y HORA DE LA ÚLTIMA TRANSACCIÓN | |
| Fecha y hora de la última transacción | 20260331155033.0 |
| 007 - CAMPO FIJO DE DESCRIPCIÓN FÍSICA--INFORMACIÓN GENERAL | |
| Campo fijo de descripción física | ta |
| 008 - DATOS DE LONGITUD FIJA--INFORMACIÓN GENERAL | |
| Códigos de información de longitud fija | 260325s |||||||gr|||| 001 0dspa d |
| 020 ## - NÚMERO INTERNACIONAL ESTÁNDAR DEL LIBRO | |
| Número Internacional Normalizado para Libros (ISBN) | 9978-72-225-4 (Colección) |
| Número Internacional Normalizado para Libros (ISBN) | 9978-72-290-4 (volumen 4) |
| 040 ## - FUENTE DE LA CATALOGACIÓN | |
| Centro catalogador de origen | EC-QuCCB |
| 041 ## - CÓDIGO DE LENGUA | |
| Código de lengua del texto;banda sonora o título independiente | spa |
| 082 ## - NÚMERO DE LA CLASIFICACIÓN DECIMAL DEWEY | |
| Número de clasificación | 928 |
| Número de documento | P259 |
| 100 1# - ENTRADA PRINCIPAL--NOMBRE DE PERSONA | |
| Nombre de persona | Parral de Velasco Ibarra, Corina, |
| Fechas asociadas con el nombre | 1905-1979 |
| 9 (RLIN) | 6037 |
| 245 ## - MENCIÓN DE TÍTULO | |
| Título | De la lágrima a la sonrisa |
| Mención de responsabilidad, etc. | Corina Parral de Velasco Ibarra ; prólogo de Julio Pazos Barrera |
| 250 ## - MENCIÓN DE EDICIÓN | |
| Mención de edición | Primera edición |
| 260 ## - PUBLICACIÓN, DISTRIBUCIÓN, ETC. (PIE DE IMPRENTA) | |
| Lugar de publicación, distribución, etc. | Quito, Ecuador : |
| Nombre del editor, distribuidor, etc. | Banco Central del Ecuador, |
| Fecha de publicación, distribución, etc. | [Fecha de publicación no identificada] |
| 300 ## - DESCRIPCIÓN FÍSICA | |
| Extensión | 206 páginas : |
| Otros detalles físicos | ilustraciones ; |
| Dimensiones | 21 cm. |
| 336 ## - TIPO DE CONTENIDO | |
| Content type term | texto |
| Content type code | txt |
| 337 ## - TIPO DE MEDIO | |
| Media type term | no mediado |
| Media type code | n |
| 338 ## - TIPO DE PORTADOR | |
| Carrier type term | volumen |
| Carrier type code | nc |
| 490 ## - MENCIÓN DE SERIE | |
| Mención de serie | El Placer de Recordar ; |
| Número de volumen/designación secuencial | volumen 4 |
| 505 ## - NOTA DE CONTENIDO CON FORMATO | |
| Nota de contenido con formato preestablecido | Un libro de Corina Parral de Velasco Ibarra por Julio Pazos Barrera -- De la lágrima a la sonrisa -- La paloma -- El Presidente -- Los padres -- 14 de julio -- En Quito y en París -- En el Congreso Nacional -- El páramo de El Angel -- Gira presidencial -- Primera Presidencia -- 28 de Mayo de 1944 -- Tercera Presidencia -- En Panamá -- Cuarta Presidencia -- Eran cinco niños -- La gente -- Las Cuatro Estaciones de Vivaldi -- Quinta Presidencia -- Destierros -- Fundación Nacional del Niño -- Vina Montero -- El destino -- Leo -- Mañana de domingo -- El Patriarca -- El secuestro -- Los canarios -- Intriga y traición -- El tiempo y la inspiración -- Radiografía de mi cerebro una mañana cualquiera -- El hombre e la luna -- Páginas de álbum -- La mujer -- Mi hermana y yo -- Fechas -- Las grandes capitales -- Carta para nadie -- Bahía Blanca -- Incomprensibles De la lágrima a la sonrisa -- Epílogo por Estela Parral de Terán -- Iconografía. Un pedazo de mi alma la que le descubro -- Partida de matrimonio civil de Corina Parral Durán y José María Velasco Ibarra -- Partida de nacimiento de Corina Parral Durán -- Partida de matrimonio eclesiástico de Corina Parral Durán y José María Velasco Ibarra. |
| 520 ## - SUMARIO, ETC. | |
| Sumario, etc, | El libro de testimonios ha aportado tanto a la literatura como a la historia. Para la primera abrió un nuevo género literario, para la segunda hizo la entrega de la cotidianeidad. En De la lágrima a la sonrisa se sintetiza la obra de Alma Helios: mira-da lírica sobre la vida, prosa que requirió del recurso poético para develar aspectos de la cara oculta de la existencia pública. Al mismo tiempo nos dona las impresiones de un espíritu sensible y reflexivo, construido de la mano de su avatar. Leer a doña Corina Parral de Velasco Ibarra a ratos nos distancia en el tiempo, pero en otros nos golpea con la perennidad de los más altos valores: la fidelidad, el patriotismo, la solidaridad, la comprensión del dolor y la pobreza, el culto al arte. |
| 590 ## - NOTA LOCAL (RLIN) | |
| Nota local | bgg |
| 600 14 - PUNTO DE ACCESO ADICIONAL DE MATERIA--NOMBRE DE PERSONA | |
| Nombre de persona | Parral, Corina, |
| Fechas asociadas al nombre | 1905-1979 |
| 9 (RLIN) | 6037 |
| Subdivisión de materia general (R ) | Biografías |
| 650 #4 - PUNTO DE ACCESO ADICIONAL DE MATERIA--TÉRMINO DE MATERIA | |
| Nombre de materia o nombre geográfico como elemento de entrada | Literatura ecuatoriana |
| 9 (RLIN) | 13880 |
| 700 1# - PUNTO DE ACCESO ADICIONAL--NOMBRE DE PERSONA | |
| Nombre de persona | Pazos Barrera, Julio, |
| Fechas asociadas al nombre | 1944- |
| 9 (RLIN) | 6107 |
| Término indicativo de función | prologuista |
| 942 ## - ELEMENTOS DE PUNTO DE ACCESO ADICIONAL (KOHA) | |
| Fuente de clasificaión o esquema | Dewey Decimal Classification |
| Koha [por defecto] tipo de item | Monografía |
| Suprimido | Perdido | Fuente de clasificación o esquema | Estropeado | Restricciones de uso | No se presta | Koha Colección | Localización (Biblioteca) | Localización actual | Localización en estanterías | Fecha adquisición | Fuente de adquisición | Préstamos totales | Clasificación completa | Designación de pieza (código de barras) | Fecha última consulta | Número de ejemplar | Fecha del precio de reemplazo | Tipo de item de Koha |
|---|---|---|---|---|---|---|---|---|---|---|---|---|---|---|---|---|---|---|
| Disponible | Dewey Decimal Classification | Sin daños | Sin restricciones de uso | Disponible para préstamo | CIENCIAS SOCIALES | Biblioteca y Archivo de la CCE | Biblioteca y Archivo de la CCE | CIENCIAS SOCIALES | 25/03/2026 | Donación Dietlind Brehme | 928 P259 | 0006311 | 25/03/2026 | Ej. 1 | 25/03/2026 | Monografía |























